[Event "FRA-chT2 North 0607"]
[Site "France"]
[Date "2007.03.31"]
[Round "10.6"]
[White "Viatte, Robert"]
[Black "Courrier, Arnaud"]
[Result "1/2-1/2"]
[WhiteElo "2150"]
[BlackElo "2156"]
[PlyCount "110"]
[EventDate "2006.10.15"]
[EventType "team"]
[EventRounds "11"]
[EventCountry "FRA"]
[SourceTitle "EXT 2008"]
[Source "ChessBase"]
[SourceDate "2007.11.25"]
[SourceVersion "1"]
[SourceVersionDate "2007.11.25"]
[SourceQuality "1"]
[WhiteTeam "Chalons en Champagne"]
[BlackTeam "Evry Grand Roque III"]
[WhiteTeamCountry "FRA"]
[BlackTeamCountry "FRA"]

1. d4 f5 2. c4 Nf6 3. Nc3 g6 4. f3 d6 5. e4 Nc6 6. Be3 e5 7. d5 Ne7 8. Bd3 Bg7 9. Nge2 0-0 10. Qd2 fxe4 11. Nxe4 Nxe4 12. Bxe4 Bf5 13. 0-0 Bxe4 14. fxe4 Qd7 15. h3 b6 16. Nc3 Kh8 17. Rxf8+ Rxf8 18. Rf1 Ng8 19. Rxf8 Bxf8 20. Qf2 Kg7 21. Qf3 Be7 22. b3 a6 23. a4 h6 24. g4 Qe8 25. Kg2 Bg5 26. Bf2 Bh4 27. Be3 Nf6 28. Bd2 Nh7 29. Nd1 Bg5 30. Be1 Bf4 31. Nc3 Nf6 32. Bh4 g5 33. Bf2 h5 34. gxh5 Qh8 35. Be1 Qh7 36. Qe2 Kh6 37. Qf3 Qd7 38. Ne2 Nxh5 39. Qg4 Nf6 40. Qxd7 Nxd7 41. Bf2 Bd2 42. Ng3 Kg6 43. Kf3 Bb4 44. Nf5 Bc5 45. Be1 a5 46. h4 Bb4 47. Bf2 gxh4 48. Nxh4+ Kh5 49. Nf5 Kg6 50. Ne7+ Kh5 51. Nc6 Bc5 52. Be1 Ba3 53. Bf2 Bc5 54. Be1 Ba3 55. Bf2 Bc5 1/2-1/2

[Event "FRA-chT2 North 0607"]
[Site "France"]
[Date "2006.10.15"]
[Round "1.6"]
[White "Capron, Daniel"]
[Black "Viatte, Robert"]
[Result "1/2-1/2"]
[WhiteElo "2046"]
[BlackElo "2150"]
[PlyCount "65"]
[EventDate "2006.10.15"]
[EventType "team"]
[EventRounds "11"]
[EventCountry "FRA"]
[SourceTitle "EXT 2008"]
[Source "ChessBase"]
[SourceDate "2007.11.25"]
[SourceVersion "1"]
[SourceVersionDate "2007.11.25"]
[SourceQuality "1"]
[WhiteTeam "Maromme"]
[BlackTeam "Chalons en Champagne"]
[WhiteTeamCountry "FRA"]
[BlackTeamCountry "FRA"]

1. e4 g6 2. d4 Bg7 3. Nc3 d6 4. f4 Nc6 5. Be3 Nf6 6. Nf3 0-0 7. e5 Ng4 8. Bg1 dxe5 9. dxe5 Qxd1+ 10. Rxd1 f6 11. Bc4+ Kh8 12. h3 Nh6 13. exf6 exf6 14. g4 Re8+ 15. Kf1 Na5 16. Bd3 Be6 17. Rh2 Nc4 18. Rb1 a6 19. Re2 Bf7 20. b3 Nd6 21. Ne4 Nxe4 22. Bxe4 c6 23. Rd1 f5 24. gxf5 Nxf5 25. Bxf5 gxf5 26. Rd7 Bd5 27. Ne5 b5 28. Re3 Rad8 29. Rc7 Rc8 30. Ra7 Ra8 31. Rc7 Rac8 32. Ra7 Ra8 33. Rc7 1/2-1/2

[Event "FRA-chT3 North 0304"]
[Site "France"]
[Date "2004.03.14"]
[Round "7.1"]
[White "Viatte, Robert"]
[Black "Catteau, Bruno"]
[Result "1/2-1/2"]
[WhiteElo "2136"]
[BlackElo "2155"]
[PlyCount "49"]
[EventDate "2003.11.??"]
[EventType "team"]
[EventRounds "9"]
[EventCountry "FRA"]
[SourceTitle "EXT 2006"]
[Source "ChessBase"]
[SourceDate "2005.11.24"]
[SourceVersion "1"]
[SourceVersionDate "2005.11.24"]
[SourceQuality "1"]
[WhiteTeam "Chauny St Quentin"]
[BlackTeam "Baisieux"]
[WhiteTeamCountry "FRA"]
[BlackTeamCountry "FRA"]

1. d4 d5 2. Nf3 c5 3. e3 Bg4 4. h3 Bh5 5. c3 cxd4 6. exd4 e6 7. Nbd2 Nc6 8. Be2 Qc7 9. 0-0 Bd6 10. Re1 Nf6 11. Ne5 Bxe2 12. Qxe2 0-0 13. Nf1 h6 14. Bf4 Rfe8 15. Rad1 a6 16. Bh2 Rac8 17. Ng4 Bxh2+ 18. Nfxh2 Nxg4 19. Nxg4 b5 20. a3 Na5 21. Rd3 Nc4 22. Rg3 Kh8 23. Ne5 Nxe5 24. dxe5 Qe7 25. Rd1 1/2-1/2

[Event "FRA-chT"]
[Site "France"]
[Date "1995.??.??"]
[Round "4"]
[White "Renet, Olivier"]
[Black "Viatte, Robert"]
[Result "1-0"]
[WhiteElo "2530"]
[BlackElo "2190"]
[PlyCount "59"]
[EventDate "1995.??.??"]
[EventType "team"]
[EventRounds "5"]
[EventCountry "FRA"]
[SourceTitle "EXT 2005"]
[Source "ChessBase"]
[SourceDate "2004.11.15"]
[SourceVersion "1"]
[SourceVersionDate "2004.11.15"]
[SourceQuality "1"]

1. e4 d6 2. d4 g6 3. Nc3 Bg7 4. f4 Nc6 5. Be3 Nf6 6. Nf3 0-0 7. Qd2 e6 8. h3 Ne7 9. g4 d5 10. e5 Nd7 11. 0-0-0 c5 12. dxc5 b6 13. cxb6 axb6 14. Nd4 Nc5 15. Kb1 Bd7 16. h4 Na4 17. Ncb5 Ra5 18. h5 Qa8 19. a3 Bxb5 20. Bxb5 Rc8 21. Bxa4 Rxa4 22. hxg6 hxg6 23. Rh3 b5 24. c3 b4 25. cxb4 Rc4 26. Bf2 Nc6 27. Nxc6 Qxc6 28. Bd4 Ra8 29. Rdh1 Rc8 30. Bc5 1-0

[Event "FRA"]
[Site "France"]
[Date "1993.??.??"]
[Round "?"]
[White "Elbilia, Jacques"]
[Black "Viatte, Robert"]
[Result "1-0"]
[WhiteElo "2310"]
[BlackElo "2265"]
[PlyCount "49"]
[EventDate "1993.??.??"]
[EventType "team"]
[EventRounds "11"]
[EventCountry "FRA"]
[SourceTitle "TD"]
[Source "ChessBase"]
[SourceDate "1994.03.01"]
[SourceVersion "1"]
[SourceVersionDate "1994.03.01"]
[SourceQuality "1"]

1. d4 g6 2. e4 d6 3. c4 Bg7 4. Nc3 Nc6 5. Be3 e5 6. d5 Nce7 7. g4 Nf6 8. Be2 h5 9. g5 Nd7 10. Nf3 0-0 11. Nh4 Nc5 12. b4 Na6 13. a3 c6 14. Qd2 cxd5 15. cxd5 Bd7 16. Rc1 Nc8 17. Rg1 Qe8 18. Qd3 Nc7 19. a4 Na6 20. Qb1 Nb6 21. a5 Na4 22. Nxa4 Bxa4 23. b5 Nc5 24. Qb4 Nb3 25. Rb1 1-0

[Event "FRA"]
[Site "France"]
[Date "1993.??.??"]
[Round "?"]
[White "Salaun, Yann"]
[Black "Viatte, Robert"]
[Result "1/2-1/2"]
[WhiteElo "2370"]
[BlackElo "2265"]
[PlyCount "156"]
[EventDate "1993.??.??"]
[EventType "team"]
[EventRounds "11"]
[EventCountry "FRA"]
[SourceTitle "TD"]
[Source "ChessBase"]
[SourceDate "1994.03.01"]
[SourceVersion "1"]
[SourceVersionDate "1994.03.01"]
[SourceQuality "1"]

1. e4 d6 2. d4 Nf6 3. Nc3 g6 4. Be3 c6 5. a4 Bg7 6. h3 0-0 7. Nf3 a5 8. Be2 Na6 9. 0-0 Nb4 10. Re1 d5 11. e5 Ne8 12. Nb1 Nc7 13. c3 Nba6 14. Nbd2 Ne6 15. Nf1 Bd7 16. N1h2 f5 17. exf6 exf6 18. Qd2 Nac7 19. Bd3 Ne8 20. Bh6 Nd6 21. Ng4 Nf7 22. Bxg7 Nxg7 23. Re2 Bxg4 24. hxg4 Qd7 25. Qf4 Ne6 26. Qg3 Rae8 27. Rae1 Ng7 28. Rxe8 Rxe8 29. Rxe8+ Nxe8 30. g5 Qd6 31. Qxd6 Nfxd6 32. gxf6 Nxf6 33. Ne5 Kf8 34. f3 Ke7 35. Kf2 Nd7 36. Ke3 Nf7 37. f4 Nfxe5 38. fxe5 Ke6 39. Be2 Nb6 40. b3 Ke7 41. Kf4 Nd7 42. Kg5 Nf8 43. Kh6 Ne6 44. Kxh7 Nf4 45. Bf3 g5 46. Kh6 g4 47. Bxg4 Nxg2 48. Kg5 Ne1 49. Kf4 b5 50. axb5 cxb5 51. Bd1 Ng2+ 52. Kf3 Nh4+ 53. Ke3 Ng6 54. b4 a4 55. Kd2 Kd7 56. Kc2 Kc6 57. Kb2 Ne7 58. Bg4 Ng6 59. Bh5 Ne7 60. Bg4 Ng6 61. Bh5 Ne7 62. Ka3 Kb6 63. Bg4 Nc6 64. Bf3 Ne7 65. Bg2 Kc7 66. Ka2 Kb6 67. Kb2 Kc7 68. Bf1 Kb6 69. Bd3 Kc6 70. Bc2 Kc7 71. Ka3 Kb6 72. Bxa4 bxa4 73. Kxa4 Nc6 74. b5 Na7 75. Kb4 Nxb5 76. c4 dxc4 77. Kxc4 Nxd4 78. Kxd4 Kc6 1/2-1/2

[Event "FRA"]
[Site "France"]
[Date "1993.??.??"]
[Round "?"]
[White "Viatte, Robert"]
[Black "Dorfman, Josif D"]
[Result "0-1"]
[WhiteElo "2265"]
[BlackElo "2580"]
[PlyCount "78"]
[EventDate "1993.??.??"]
[EventType "team"]
[EventRounds "11"]
[EventCountry "FRA"]
[SourceTitle "TD"]
[Source "ChessBase"]
[SourceDate "1994.03.01"]
[SourceVersion "1"]
[SourceVersionDate "1994.03.01"]
[SourceQuality "1"]

1. Nf3 g6 2. g3 Bg7 3. Bg2 e5 4. d3 d5 5. 0-0 Ne7 6. Nbd2 0-0 7. e4 Nbc6 8. c3 a5 9. Re1 a4 10. exd5 Nxd5 11. Nc4 Re8 12. Ng5 h6 13. Qf3 hxg5 14. Qxd5 Bf5 15. Qxd8 Rexd8 16. Be4 Rxd3 17. Bxf5 gxf5 18. Bxg5 f6 19. Be3 Rad8 20. Kf1 Bf8 21. Ke2 b5 22. Na3 Bxa3 23. bxa3 e4 24. Rab1 R8d5 25. c4 bxc4 26. Rb7 Rd7 27. Rc1 c3 28. Rb5 Ne7 29. Rc5 Nd5 30. Kf1 Kf7 31. Kg1 Kg6 32. Bf4 Kh5 33. Kg2 Rf7 34. Rxd5 Rxd5 35. Rxc3 c5 36. Be3 Rc7 37. Rc4 Rd3 38. Bf4 Rc6 39. Be3 Rxa3 0-1

[Event "FRA"]
[Site "France"]
[Date "1993.??.??"]
[Round "?"]
[White "Viatte, Robert"]
[Black "Relange, Eloi"]
[Result "1-0"]
[WhiteElo "2265"]
[BlackElo "2295"]
[PlyCount "80"]
[EventDate "1993.??.??"]
[EventType "team"]
[EventRounds "11"]
[EventCountry "FRA"]
[SourceTitle "TD"]
[Source "ChessBase"]
[SourceDate "1994.03.01"]
[SourceVersion "1"]
[SourceVersionDate "1994.03.01"]
[SourceQuality "1"]

1. Nf3 Nf6 2. g3 g6 3. Bg2 Bg7 4. 0-0 0-0 5. d3 d6 6. e4 e5 7. Nbd2 Re8 8. a4 c6 9. Re1 Qc7 10. b3 d5 11. Bb2 d4 12. c3 dxc3 13. Bxc3 c5 14. Nc4 Nc6 15. Qc2 b6 16. Qb2 Nd7 17. Rac1 Bb7 18. Bh3 Rad8 19. Red1 Qb8 20. Ne3 Nd4 21. Bxd4 exd4 22. Nc4 f5 23. Nfd2 fxe4 24. Nxe4 Bxe4 25. dxe4 Rxe4 26. Qc2 Nf6 27. Bg2 Re7 28. Qd3 Kh8 29. Bf3 Nd7 30. h4 a6 31. Re1 Rxe1+ 32. Rxe1 b5 33. axb5 axb5 34. Na5 Ne5 35. Rxe5 Qxe5 36. Nc6 Qe1+ 37. Kg2 Rf8 38. Qxb5 Qc3 39. Qe2 Qxb3 40. Be4 Qe6 1-0

[Event "Edinburgh op"]
[Site "Edinburgh"]
[Date "1988.??.??"]
[Round "1"]
[White "Hartoch, Robert G"]
[Black "Viatte, Robert"]
[Result "1-0"]
[WhiteElo "2370"]
[BlackElo "2245"]
[PlyCount "91"]
[EventDate "1988.??.??"]
[EventType "swiss"]
[EventRounds "9"]
[EventCountry "SCO"]
[SourceTitle "TD"]
[Source "ChessBase"]
[SourceDate "1994.03.01"]
[SourceVersion "1"]
[SourceVersionDate "1994.03.01"]
[SourceQuality "1"]

1. Nf3 Nf6 2. g3 d5 3. Bg2 Bf5 4. 0-0 e6 5. d3 h6 6. c4 c6 7. Nc3 Bh7 8. Be3 Bd6 9. Qb3 Qd7 10. Bd4 0-0 11. Bxf6 gxf6 12. cxd5 cxd5 13. e4 dxe4 14. dxe4 Nc6 15. Rfd1 Qe7 16. Nd4 Nxd4 17. Rxd4 Bc5 18. Rd2 Rad8 19. Rad1 b6 20. Na4 Rxd2 21. Rxd2 Bd6 22. Qe3 Kg7 23. Nc3 Rd8 24. a3 Be5 25. Kf1 Rxd2 26. Qxd2 Qc5 27. f4 Bc7 28. Qd3 b5 29. b4 Qc6 30. Ke2 a6 31. Bf3 Bb6 32. Kd2 Ba7 33. e5 Qb6 34. exf6+ Kxf6 35. Qxh7 Qe3+ 36. Kc2 Qxf3 37. Qxh6+ Ke7 38. Qg5+ Ke8 39. Qe5 Qf2+ 40. Qe2 Qg1 41. f5 Kf8 42. fxe6 fxe6 43. Qxe6 Qxh2+ 44. Kb3 Qxg3 45. Qc8+ Ke7 46. Qb7+ 1-0